<?xml version="1.0" encoding="UTF-8"?>
<record
    xmlns:xsi="http://www.w3.org/2001/XMLSchema-instance"
    xsi:schemaLocation="http://www.loc.gov/MARC21/slim http://www.loc.gov/standards/marcxml/schema/MARC21slim.xsd"
    xmlns="http://www.loc.gov/MARC21/slim">

  <leader>00573nam a22001577a 4500</leader>
  <controlfield tag="003">OSt</controlfield>
  <controlfield tag="005">20240416143458.0</controlfield>
  <controlfield tag="008">240416b        |||||||| |||| 00| 0 eng d</controlfield>
  <datafield tag="040" ind1=" " ind2=" ">
    <subfield code="c">MRSPTU</subfield>
  </datafield>
  <datafield tag="100" ind1=" " ind2=" ">
    <subfield code="a">Deepti,Shyam Sunder (&#xA26;&#xA40;&#xA2A;&#xA24;&#xA40;, &#xA38;&#xA3C;&#xA3F;&#xA06;&#xA2E; &#xA38;&#xA41;&#xA70;&#xA26;&#xA30;)</subfield>
  </datafield>
  <datafield tag="245" ind1=" " ind2=" ">
    <subfield code="a">Vihin Sadi Diyan Shareshth Hindi Minni Kahanian (&#xA35;&#xA40;&#xA39;&#xA35;&#xA40;&#xA02; &#xA38;&#xA26;&#xA40; &#xA26;&#xA40;&#xA06;&#xA02; &#xA38;&#xA4D;&#xA30;&#xA47;&#xA38;&#xA3C;&#xA1F; &#xA39;&#xA3F;&#xA70;&#xA26;&#xA40; &#xA2E;&#xA3F;&#xA70;&#xA28;&#xA40; &#xA15;&#xA39;&#xA3E;&#xA23;&#xA40;&#xA06;&#xA02;</subfield>
  </datafield>
  <datafield tag="250" ind1=" " ind2=" ">
    <subfield code="a">1st</subfield>
  </datafield>
  <datafield tag="260" ind1=" " ind2=" ">
    <subfield code="a">Punjab</subfield>
    <subfield code="b">Balraj Sahni Yadgaar Parkashan</subfield>
    <subfield code="c">2000</subfield>
  </datafield>
  <datafield tag="300" ind1=" " ind2=" ">
    <subfield code="a">88</subfield>
  </datafield>
  <datafield tag="942" ind1=" " ind2=" ">
    <subfield code="2">ddc</subfield>
    <subfield code="c">BK</subfield>
    <subfield code="n">0</subfield>
  </datafield>
  <datafield tag="952" ind1=" " ind2=" ">
    <subfield code="0">0</subfield>
    <subfield code="1">0</subfield>
    <subfield code="2">ddc</subfield>
    <subfield code="4">0</subfield>
    <subfield code="7">0</subfield>
    <subfield code="8">BK</subfield>
    <subfield code="a">MCL</subfield>
    <subfield code="b">MCL</subfield>
    <subfield code="d">2024-04-16</subfield>
    <subfield code="l">0</subfield>
    <subfield code="p">G-223</subfield>
    <subfield code="r">2024-04-16 14:35:14</subfield>
    <subfield code="w">2024-04-16</subfield>
    <subfield code="y">BK</subfield>
  </datafield>
  <datafield tag="999" ind1=" " ind2=" ">
    <subfield code="c">10056</subfield>
    <subfield code="d">10056</subfield>
  </datafield>
</record>
